000 00795cam a2200253 i 4500
001 768714001
003 CO-MdBIC
005 20231130100417.0
008 231130s1958 cl ||||| |||| 00| 0 spa d
040 _bspa.
_aCO-MdFUSB
_cCO-MdFUSB
_dCO-MdFUSBC
_erda
041 _aspa
082 0 4 _aG 231.3 S6131j
100 1 _aSimpson, A. B. (Albert B.)
245 1 0 _aEl poder de lo alto : Un estudio profundo de la doctrina de el Espíritu Santo en el Antiguo y Nuevo Testamento / A. B. Simpson
_c/
264 1 _aTemuco, Chile : Alianza
_bAlianza,
_c[1958]
264 4 _c©1958
300 _a389 Pag
_c;
336 _atexto
_btxt
_2rdacontent
337 _2rdamedia
_asin mediación
_bn
338 _2rdacarrier
_avolumen
_bnc
650 1 0 _aEspíritu Santo
_950
942 _cBK
945 _ajohan1477
999 _c34455
_d34455